Southville International School and Colleges
Your cart is empty.
  • Cart
  • Lists
    Public lists Eva Luna New books Lux_list list_1
    Your lists Log in to create your own lists
  • Log in to your account
  • Your cookies
  • Search history
Southville International School and Colleges
  • Advanced search
  • Recent comments
  • Most popular
  • Libraries

Log in to your account

Log in with GOOGLE


If you do not have an external account, but do have a local account, you can still log in:

  1. Home
  2. MARC view: Great clean jokes grown up kids /
Normal view MARC view ISBD view

Great clean jokes grown up kids / (Record no. 16790)

[ view plain ]
MARC details
000 -LEADER
fixed length control field 00591nam a22002177a 4500
003 - CONTROL NUMBER IDENTIFIER
control field OSt
005 - DATE AND TIME OF LATEST TRANSACTION
control field 20150202094333.0
008 - FIXED-LENGTH DATA ELEMENTS--GENERAL INFORMATION
fixed length control field 130607t xxu||||| |||| 00| 0 eng d
020 ## - INTERNATIONAL STANDARD BOOK NUMBER
International Standard Book Number 9717890307
020 ## - INTERNATIONAL STANDARD BOOK NUMBER
International Standard Book Number 1577489033
050 ## - LIBRARY OF CONGRESS CALL NUMBER
Classification number PN 6231.C32
Item number .H288 2000
082 ## - DEWEY DECIMAL CLASSIFICATION NUMBER
Classification number M 828.91209
Item number H24 1963
100 ## - MAIN ENTRY--PERSONAL NAME
Personal name Harmon, Dan
245 ## - TITLE STATEMENT
Title Great clean jokes grown up kids /
Statement of responsibility, etc Dan Harmon.
260 ## - PUBLICATION, DISTRIBUTION, ETC. (IMPRINT)
Place of publication, distribution, etc Philippines, Metro Manila :
Name of publisher, distributor, etc Barbour Publishing, Inc.,
Date of publication, distribution, etc c2000.
300 ## - PHYSICAL DESCRIPTION
Extent 127 pages :
Dimensions 16 cm.
526 ## - STUDY PROGRAM INFORMATION NOTE
Reading level 1210L-1700L
562 ## - COPY AND VERSION IDENTIFICATION NOTE
Number of copies 1
942 ## - ADDED ENTRY ELEMENTS (KOHA)
Source of classification or shelving scheme Library of Congress Classification
Koha item type Books
Call number prefix Local
Holdings
Withdrawn status Lost status Source of classification or shelving scheme Damaged status Home library Current library Shelving location Date acquired Source of acquisition Total Checkouts Full call number Barcode Date last seen Koha item type
    Library of Congress Classification   College Library College Library General Circulation Section 06/07/2013 Library Fund   PN 6231.C32 .H288 2000 C1582 04/22/2017 Books

Great clean jokes grown up kids /

APA

Harmon D., . (2000). Great clean jokes grown up kids. Philippines, Metro Manila: Barbour Publishing, Inc.

Chicago

Harmon Dan, . 2000. Great clean jokes grown up kids. Philippines, Metro Manila: Barbour Publishing, Inc.

Harvard

Harmon D., . (2000). Great clean jokes grown up kids. Philippines, Metro Manila: Barbour Publishing, Inc.

MLA

Harmon Dan, . Great clean jokes grown up kids. Philippines, Metro Manila: Barbour Publishing, Inc. 2000.

  • Place hold
  • Print
  • Cite
  • Add to your cart (remove)
  • Save record
    BIBTEX Dublin Core MARCXML MARC (non-Unicode/MARC-8) MARC (Unicode/UTF-8) MARC (Unicode/UTF-8, Standard) MODS (XML) RIS
  • More searches
    Search for this title in:
    Other Libraries (WorldCat) Other Databases (Google Scholar) Online Stores (Bookfinder.com) Open Library (openlibrary.org)

Exporting to Dublin Core...

SOUTHVILLE LIBRARY

Southville International School and Colleges Library

1281 Tropical Ave. Cor. Luxembourg St., BF Homes International, Las Pinas City

Tel. No. 8256374 / 252358 Loc. 117/146

Powered by Koha